Gala 3 OT2023 - Estadísticas

Estadísticas generales
  • Esta prueba ha sido intentada 43 veces
  • La puntuación promedio es 7 de 9
Estadísticas de respuestas
Imagen Hint Respuesta % Correcto
Violeta y Chiara I Kissed A Girl
94%
Ruslana y Martin Inmortal
89%
Juanjo, Bea y Álvaro Mayo Unholy
89%
Naiara Tómame o Déjame
86%
Denna y Salma Péiname Juana
83%
Álex Márquez Ladrona
69%
Grupal Dime
60%
Omar La canción más hermosa del mundo
60%
Lucas, Paul Thin y Cris Back for good
29%
No se encontraron pruebas coincidentes
Distribución de puntuación
Porcentaje de gente con cada puntuación
Porcentaje por número respondido
Historial de tus puntuaciones
No has intentado esta prueba.